Tokhniyot beniyah be-Tel-Aviv-Yafo : megurim...ʻidkun le-April 1995.

Saved in:
நூற்பட்டியல் விவரங்கள்
குழும எழுத்தாளர்: Tel Aviv (Israel). Minhal ha-handasah.
வடிவம்: புத்தகம்
மொழி:Hebrew
வெளியீடப்பட்டது: Tel Aviv : Iriyat Tel-Aviv Yafo, Minhal handasah, 1995.
தொகுதி:Pirsum ; 16.02.95.
பகுதிகள்:
குறியீடுகள்: குறிச்சொல் இணை
குறியீடுகள் இல்லை, இந்த குறிச்சொல்லை முதலில் பதிவு செய்யுங்கள்!
LEADER 00663nam a22002177a 4500
001 007744251-2
005 20020606104010.5
008 850102s1995 is |||| |||| 00||||heb|d
035 0 |a ocm38939078 
110 1 |a Tel Aviv (Israel).  |b Minhal ha-handasah. 
245 1 0 |a Tokhniyot beniyah be-Tel-Aviv-Yafo :  |b megurim...ʻidkun le-April 1995. 
260 0 |a Tel Aviv :  |b Iriyat Tel-Aviv Yafo, Minhal handasah,  |c 1995. 
300 |a 45 leaves 
490 1 |a Pirsum ;  |v 16.02.95 
500 |a Cover title. 
650 0 |a City planning  |z Israel  |z Tel Aviv. 
651 0 |a Tel Aviv (Israel) 
752 |a Israel  |d Tel Aviv 
830 0 |a Pirsum ;  |v 16.02.95. 
988 |a 20020608 
906 |0 MH